United Germany : The First Five Years: Performance and Policy Issues /

This papers reviews economic and financial developments in Germany since its reunification nearly five years ago; and analyzes some critical issues that have featured prominently in the policy debate over this period and are likely to continue attracting attention in the years ahead.

Bibliographic Details
Main Author: Habermeier, Karl
Other Authors: Corker, Robert, Feldman, Robert, Van der Willigen, Tessa
Format: Journal
Language:English
Published: Washington, D.C. : International Monetary Fund, 1995.
Series:Occasional Papers; Occasional Paper ; No. 1995/007
Online Access:Full text available on IMF
LEADER 01515cas a2200277 a 4500
001 AALejournalIMF012115
008 230101c9999 xx r poo 0 0eng d
020 |c 15.00 USD 
020 |z 9781557754721 
022 |a 0251-6365 
040 |a BD-DhAAL  |c BD-DhAAL 
100 1 |a Habermeier, Karl. 
245 1 0 |a United Germany :   |b The First Five Years: Performance and Policy Issues /  |c Karl Habermeier, Robert Corker, Robert Feldman, Tessa Van der Willigen. 
264 1 |a Washington, D.C. :  |b International Monetary Fund,  |c 1995. 
300 |a 1 online resource (81 pages) 
490 1 |a Occasional Papers 
500 |a <strong>Off-Campus Access:</strong> No User ID or Password Required 
500 |a <strong>On-Campus Access:</strong> No User ID or Password Required 
506 |a Electronic access restricted to authorized BRAC University faculty, staff and students 
520 3 |a This papers reviews economic and financial developments in Germany since its reunification nearly five years ago; and analyzes some critical issues that have featured prominently in the policy debate over this period and are likely to continue attracting attention in the years ahead. 
538 |a Mode of access: Internet 
700 1 |a Corker, Robert. 
700 1 |a Feldman, Robert. 
700 1 |a Van der Willigen, Tessa. 
830 0 |a Occasional Papers; Occasional Paper ;  |v No. 1995/007 
856 4 0 |z Full text available on IMF  |u http://elibrary.imf.org/view/books/084/07681-9781557754721-en/07681-9781557754721-en-book.xml  |z IMF e-Library